| 000 | 00413cam a2200157ua 4500 | ||
|---|---|---|---|
| 041 |
_aeng _h |
||
| 082 |
_a691 _bKUL/TE |
||
| 100 | _aKulkarni, G.J . | ||
| 245 |
_aText book of engineering materials / _cG.J.Kulkarni. _hTextual Documents |
||
| 250 |
_a7 / _b. |
||
| 260 |
_aAhmedabad : _bAmbalal.J.Patel ,Ahmedabad book depot , _c1965. |
||
| 300 | _a382 ; . | ||
| 504 | _a | ||
| 942 | _cBK | ||
| 999 |
_c2281 _d2281 |
||